[Event "Krefeld op"]
[Site "Krefeld"]
[Date "2023.08.05"]
[Round "7"]
[White "Loheide, Michel"]
[Black "Lueersen, Jan"]
[Result "1-0"]
[WhiteElo "1830"]
[BlackElo "1618"]
[PlyCount "63"]
[EventDate "2023.08.02"]
[EventType "swiss"]
[EventRounds "9"]
[EventCountry "GER"]
[SourceTitle "CBM 215 Extra"]
[Source "ChessBase"]
[SourceDate "2023.09.30"]
[SourceVersion "1"]
[SourceVersionDate "2023.09.30"]
[SourceQuality "1"]

1. e4 c5 2. Nf3 Nc6 3. d4 cxd4 4. Nxd4 e5 5. Nb5 d6 6. c4 Be6 7. N1c3 a6 8. Na3 Nf6 9. Be2 Be7 10. 0-0 Nd4 11. Nc2 Nxe2+ 12. Qxe2 Rc8 13. Ne3 0-0 14. Ned5 Nd7 15. b3 f5 16. Ba3 f4 17. f3 Rf7 18. Nxe7+ Qxe7 19. Rad1 Nc5 20. Qd2 Rc6 21. Nd5 Bxd5 22. Qxd5 Kf8 23. b4 Na4 24. b5 Nc3 25. Qd3 axb5 26. cxb5 Nxb5 27. Qxb5 Qf6 28. Rxd6 Rxd6 29. Rd1 Kg8 30. Rxd6 Qe7 31. Qxb7 Qxd6 32. Qxf7+ 1-0